Statistics for JetPunk Discord Server Analogies

Click here to take the quiz!

General Stats

  • This quiz has been taken 24 times
  • The average score is 10 of 14

Answer Stats

This is to this...As...% Correct
Stewart is to orangeSaturn is to {yellow}
95%
Adri is to MexicoBread is to {UAE}
86%
Macaco is to monkeyLiam is to {giraffe}
81%
Poirot is to FranceVicky is to {Brazil}
81%
Gassu is to kiwipandaTina is to {bonk}
76%
Macaco is to ShannonL4 is to {Hagan}
71%
Devvik is to 2Maximirb is to {13}
71%
Macaco is to JapanJeremy is to {Estonia}
67%
ESC is to KoopaRed is to {Sakura}
62%
Vicky is to subdivisionsSwat is to {trains}
62%
Eytan is to AzazelSealsi is to {Xerxes}
57%
Saturn is to :sunglase:Shady is to {:weary:}
57%
Saturn is to windowAbby is to {void}
48%
Vicky is to Ja'meAdri is to {Kiwino}
38%

Score Distribution

Percentile by Number Answered

Percent of People with Each Score

Your Score History

You have not taken this quiz